000 00303nam a22001457a 4500
020 _a81-8022-012-5
082 _a920
_bDEO/B
100 _aDEO,SUBHASH G.
245 _aBABBAGE
250 _aFIRST
260 _aDELHI
_bPRIORITY PUBLICATIONS
300 _a74
650 _aBIOGRAPHY
_zDELHI
942 _cBK
999 _c6379
_d6379